[Event "FRA-chT2 0910"]
[Site "France"]
[Date "2009.11.22"]
[Round "4.8"]
[White "Gatine, Aurelia"]
[Black "Tatard, Marie"]
[Result "1-0"]
[WhiteElo "2007"]
[BlackElo "1882"]
[PlyCount "41"]
[EventDate "2009.09.27"]
[EventType "team"]
[EventRounds "11"]
[EventCountry "FRA"]
[SourceDate "2009.07.26"]

1. e4 e6 2. d4 d5 3. Nd2 Nf6 4. e5 Nfd7 5. f4 c5 6. c3 Nc6 7. Ndf3 Qb6 8. g3
cxd4 9. cxd4 Bb4+ 10. Kf2 f6 11. Kg2 O-O 12. Bd3 Be7 13. h4 Bd8 14. Nh3 Qb4 15.
a3 Qe7 16. Qc2 h6 17. Be3 Bb6 18. Nhg5 fxe5 19. Bh7+ Kh8 20. dxe5 Bxe3 21. Bg8
1-0

[Event "FRA-chT2 0910"]
[Site "France"]
[Date "2009.12.12"]
[Round "5.1"]
[White "Dionisi, Thomas"]
[Black "Grafl, Florian"]
[Result "1/2-1/2"]
[WhiteElo "2117"]
[BlackElo "2428"]
[PlyCount "100"]
[EventDate "2009.09.27"]
[EventType "team"]
[EventRounds "11"]
[EventCountry "FRA"]
[SourceDate "2009.07.26"]

1. e4 d5 2. exd5 Qxd5 3. Nc3 Qd6 4. d4 Nf6 5. Nf3 a6 6. g3 Bg4 7. Bg2 Nc6 8.
Bf4 Qb4 9. O-O O-O-O 10. Ne2 Bxf3 11. Bxf3 Nxd4 12. Nxd4 Rxd4 13. Qe2 Rxf4 14.
c3 Qc4 15. gxf4 Qxf4 16. Qe3 Qxe3 17. fxe3 e6 18. b4 Nd7 19. a4 g6 20. a5 Bd6
21. Rfb1 Be5 22. Ra3 f5 23. c4 Bf6 24. Rab3 Bg7 25. Rd1 Ne5 26. Be2 Rd8 27.
Rxd8+ Kxd8 28. Kf2 Bf8 29. b5 Nd7 30. Bf3 Nc5 31. bxa6 bxa6 32. Rb8+ Ke7 33.
Rc8 h5 34. Rxc7+ Kf6 35. Ra7 Be7 36. Bb7 Bd8 37. Bxa6 Bxa5 38. Bb5 Bb6 39. Ra8
Ne4+ 40. Ke2 Bc7 41. h3 Bd6 42. Bc6 Nc5 43. Kf3 Nd3 44. Ke2 Nc5 45. Kf3 Nb3 46.
Ke2 Be7 47. Rb8 Nc5 48. Kf3 Nd3 49. Ke2 Nc5 50. Kf3 Nd3 1/2-1/2

[Event "FRA-chT2 0910"]
[Site "France"]
[Date "2009.12.12"]
[Round "5.2"]
[White "Polard, Gaetan"]
[Black "Bernard, Vincent"]
[Result "0-1"]
[WhiteElo "2228"]
[BlackElo "2191"]
[PlyCount "70"]
[EventDate "2009.09.27"]
[EventType "team"]
[EventRounds "11"]
[EventCountry "FRA"]
[SourceDate "2009.07.26"]

1. e4 c5 2. Nf3 Nc6 3. d4 cxd4 4. Nxd4 g6 5. Nc3 Bg7 6. Be3 Nf6 7. Bc4 Qa5 8.
O-O O-O 9. Nb3 Qc7 10. Bg5 h6 11. Bh4 Nxe4 12. Nd5 Qd8 13. Re1 g5 14. Rxe4 gxh4
15. Nc3 d6 16. Rxh4 Bf5 17. Bd3 e6 18. Rh5 Bxd3 19. Qxd3 d5 20. Re1 Rc8 21. a3
Re8 22. f4 Ne7 23. Kh1 Qb6 24. Rf1 Red8 25. g4 d4 26. Ne4 f5 27. gxf5 exf5 28.
Ng3 Qc6+ 29. Kg1 Qxc2 30. Qf3 d3 31. Qxb7 Rc7 32. Qb5 d2 33. Na1 Qc5+ 34. Qxc5
Rxc5 35. Nb3 d1=Q 0-1

[Event "FRA-chT2 0910"]
[Site "France"]
[Date "2009.12.12"]
[Round "5.3"]
[White "Fournet, Arnaud"]
[Black "Jadoul, Michel"]
[Result "0-1"]
[WhiteElo "2197"]
[BlackElo "2307"]
[PlyCount "46"]
[EventDate "2009.09.27"]
[EventType "team"]
[EventRounds "11"]
[EventCountry "FRA"]
[SourceDate "2009.07.26"]

1. e4 c5 2. Nf3 g6 3. d4 Bg7 4. d5 Nf6 5. Nc3 O-O 6. Bc4 d6 7. h3 b5 8. Bxb5
Nxe4 9. O-O Bxc3 10. bxc3 Nxc3 11. Qd3 Nxb5 12. Qxb5 Ba6 13. Qa4 Bxf1 14. Kxf1
Nd7 15. Bh6 Nb6 16. Qe4 Re8 17. Ng5 Qd7 18. g4 Qa4 19. Qxa4 Nxa4 20. c4 Rab8
21. Ne4 f6 22. Bf4 Kf7 23. Re1 Nb2 0-1

[Event "FRA-chT2 0910"]
[Site "France"]
[Date "2009.12.12"]
[Round "5.5"]
[White "Stenel, Vincent"]
[Black "Godart, Francois"]
[Result "1/2-1/2"]
[WhiteElo "2066"]
[BlackElo "2172"]
[PlyCount "59"]
[EventDate "2009.09.27"]
[EventType "team"]
[EventRounds "11"]
[EventCountry "FRA"]
[SourceDate "2009.07.26"]

1. e4 c6 2. Nc3 d5 3. Nf3 a6 4. d4 Bg4 5. Be2 e6 6. O-O Nf6 7. exd5 cxd5 8. Ne5
Bxe2 9. Qxe2 Nc6 10. Rd1 Bd6 11. Bg5 O-O 12. Bxf6 Qxf6 13. Nd7 Qh6 14. g3 Rfe8
15. Ne5 Qf6 16. Nf3 Rac8 17. Rd3 b5 18. a3 Na5 19. Ne5 Nc4 20. Rf3 Bxe5 21.
Rxf6 Bxf6 22. Re1 Red8 23. Qg4 Nxb2 24. Re3 Rc4 25. Ne2 Rxc2 26. Nf4 g6 27. Nh5
Bg7 28. Qg5 Rdc8 29. Nxg7 Kxg7 30. Rf3 1/2-1/2

[Event "FRA-chT2 0910"]
[Site "France"]
[Date "2009.12.12"]
[Round "5.6"]
[White "Le Hay, Thierry"]
[Black "Aflalo, Sophie"]
[Result "1-0"]
[WhiteElo "2129"]
[BlackElo "2036"]
[PlyCount "105"]
[EventDate "2009.09.27"]
[EventType "team"]
[EventRounds "11"]
[EventCountry "FRA"]
[SourceDate "2009.07.26"]

1. d4 Nf6 2. Nf3 g6 3. c4 Bg7 4. Nc3 d6 5. e4 O-O 6. Be2 e5 7. O-O Nc6 8. d5
Ne7 9. b4 a5 10. Ba3 axb4 11. Bxb4 Nd7 12. a4 Nc5 13. Bxc5 dxc5 14. Ne1 b6 15.
Nd3 Ba6 16. Nc1 Nc8 17. Bd3 Nd6 18. Qe2 f5 19. a5 Qh4 20. axb6 cxb6 21. f3 f4
22. Rb1 Rab8 23. Qa2 Bc8 24. Na4 g5 25. Nxb6 g4 26. Nxc8 Rbxc8 27. fxg4 Bh6 28.
Qe2 Nf7 29. h3 f3 30. Rxf3 Bf4 31. Qf2 Qh6 32. Ne2 Ng5 33. Rxf4 exf4 34. h4 Nf7
35. g5 Qd6 36. Qxf4 Ne5 37. Qh2 Rf2 38. Qh3 Rcf8 39. Ng3 Nxd3 40. Nf5 R8xf5 41.
exf5 Nf4 42. Qa3 Rxg2+ 43. Kf1 Re2 44. Qa8+ Kf7 45. Qh8 Ng6 46. fxg6+ Kxg6 47.
Kxe2 Qh2+ 48. Kd3 Qh3+ 49. Kc2 Qf5+ 50. Kb2 Kh5 51. Qe8+ Kxh4 52. Rh1+ Kxg5 53.
Rh5+ 1-0

[Event "FRA-chT2 0910"]
[Site "France"]
[Date "2009.12.12"]
[Round "5.7"]
[White "Lemeille, Francois"]
[Black "Viatte, Robert"]
[Result "0-1"]
[WhiteElo "1955"]
[BlackElo "2144"]
[PlyCount "53"]
[EventDate "2009.09.27"]
[EventType "team"]
[EventRounds "11"]
[EventCountry "FRA"]
[SourceDate "2009.07.26"]

1. e4 g6 2. d4 Bg7 3. Nc3 d6 4. f4 Nf6 5. Nf3 O-O 6. Bc4 Nxe4 7. Nxe4 d5 8. Bd3
dxe4 9. Bxe4 Nd7 10. O-O c5 11. c3 cxd4 12. cxd4 Nf6 13. Bc2 Be6 14. Ne5 Bd5
15. f5 Qb6 16. Bg5 Qxb2 17. Rb1 Qxa2 18. Rf2 Qa3 19. Bxf6 Bxf6 20. Nd3 Qd6 21.
Qg4 Rac8 22. Nf4 Be4 23. Rd2 Bxc2 24. Rxc2 Qxd4+ 25. Rf2 g5 26. Rd1 Qe4 27. h4
0-1

[Event "FRA-chT2 0910"]
[Site "France"]
[Date "2009.12.12"]
[Round "5.8"]
[White "Vinckier, Delphine"]
[Black "Palacios Aguilar, Diego Andre"]
[Result "0-1"]
[WhiteElo "1805"]
[BlackElo "1940"]
[PlyCount "60"]
[EventDate "2009.09.27"]
[EventType "team"]
[EventRounds "11"]
[EventCountry "FRA"]
[SourceDate "2009.07.26"]

1. e4 c5 2. Nf3 Nc6 3. c3 d5 4. e5 Bg4 5. Bb5 Qc7 6. d4 e6 7. O-O Nge7 8. Nbd2
Ng6 9. h3 Bxf3 10. Nxf3 Be7 11. Bd3 c4 12. Bc2 b5 13. Bd2 a5 14. b3 b4 15. bxc4
dxc4 16. Be4 O-O 17. Qc2 Rab8 18. Rab1 Na7 19. Qa4 Nb5 20. cxb4 c3 21. bxa5
cxd2 22. Rxb5 Rxb5 23. Qxb5 Qc1 24. Qd3 Bb4 25. a6 Nf4 26. Qe3 Qxf1+ 27. Kxf1
d1=Q+ 28. Ne1 Bxe1 29. Qxe1 Qxe1+ 30. Kxe1 Nd5 0-1

[Event "FRA-chT2 0910"]
[Site "France"]
[Date "2009.12.12"]
[Round "5.1"]
[White "Bernard, Christophe"]
[Black "Vallin, Guillaume"]
[Result "1/2-1/2"]
[WhiteElo "2356"]
[BlackElo "2425"]
[PlyCount "43"]
[EventDate "2009.09.27"]
[EventType "team"]
[EventRounds "11"]
[EventCountry "FRA"]
[SourceDate "2009.07.26"]

1. d4 e6 2. c4 Nf6 3. Nf3 d5 4. e3 a6 5. Nc3 c5 6. cxd5 exd5 7. Be2 Nc6 8. O-O
Bd6 9. b3 O-O 10. Bb2 cxd4 11. Nxd4 Qe7 12. Na4 Bc7 13. Nxc6 bxc6 14. Rc1 Qd6
15. f4 Re8 16. Bd4 Bf5 17. Bd3 Bxd3 18. Qxd3 Ne4 19. Rc2 Qh6 20. Rfc1 Re6 21.
Nb6 Rd8 22. b4 {suite illisible} 1/2-1/2

[Event "FRA-chT2 0910"]
[Site "France"]
[Date "2009.12.12"]
[Round "5.2"]
[White "Payen, Arnaud"]
[Black "Cathelineau, Didier"]
[Result "1/2-1/2"]
[WhiteElo "2360"]
[BlackElo "2203"]
[PlyCount "50"]
[EventDate "2009.09.27"]
[EventType "team"]
[EventRounds "11"]
[EventCountry "FRA"]
[SourceDate "2009.07.26"]

1. Nf3 Nf6 2. c4 c5 3. g3 b6 4. Bg2 Bb7 5. O-O e6 6. Nc3 Be7 7. d4 cxd4 8. Qxd4
d6 9. b3 O-O 10. Rd1 Nbd7 11. e4 Qb8 12. Bb2 a6 13. Qe3 b5 14. cxb5 axb5 15. b4
Re8 16. h3 Ne5 17. Nd2 d5 18. exd5 exd5 19. Nxb5 Bxb4 20. Qb3 Bxd2 21. Rxd2 Nc4
22. Rdd1 Nxb2 23. Qxb2 Bc6 24. a4 Qb6 25. Rdb1 Ne4 1/2-1/2

[Event "FRA-chT2 0910"]
[Site "France"]
[Date "2009.12.12"]
[Round "5.3"]
[White "Yacob, Francois"]
[Black "Jeanne, Mickael"]
[Result "0-1"]
[WhiteElo "2167"]
[BlackElo "2166"]
[PlyCount "60"]
[EventDate "2009.09.27"]
[EventType "team"]
[EventRounds "11"]
[EventCountry "FRA"]
[SourceDate "2009.07.26"]

1. e4 e6 2. d4 d5 3. Nc3 Bb4 4. e5 Qd7 5. Bd2 b6 6. Nb5 Bf8 7. Qg4 Ba6 8. Nc3
Nc6 9. Nf3 Bb7 10. a3 f5 11. exf6 gxf6 12. Qh5+ Qf7 13. Qh3 O-O-O 14. Bd3 Kb8
15. O-O-O e5 16. dxe5 Nxe5 17. Bf4 Nxd3+ 18. Rxd3 Bd6 19. Bxd6 Rxd6 20. Re1 Bc8
21. Qh4 Ne7 22. Qf4 Ng6 23. Qd2 Rhd8 24. Nd1 Bf5 25. Rb3 d4 26. Rb4 Qa2 27. Qh6
d3 28. Nc3 Qa1+ 29. Kd2 dxc2+ 30. Ke2 Rd1 0-1

[Event "FRA-chT2 0910"]
[Site "France"]
[Date "2009.12.12"]
[Round "5.4"]
[White "Lefebvre, Herve"]
[Black "Hameau, Cyril"]
[Result "1-0"]
[WhiteElo "2256"]
[BlackElo "2028"]
[PlyCount "85"]
[EventDate "2009.09.27"]
[EventType "team"]
[EventRounds "11"]
[EventCountry "FRA"]
[SourceDate "2009.07.26"]

1. e4 d5 2. exd5 Qxd5 3. Nc3 Qd6 4. d4 Nf6 5. Nf3 a6 6. g3 Bg4 7. Bg2 Nc6 8.
O-O O-O-O 9. d5 Nxd5 10. Nxd5 Qxd5 11. Qxd5 Rxd5 12. Ng5 Rxg5 13. Bxg5 f6 14.
Be3 Ne5 15. f4 Nc4 16. Bc1 e6 17. b3 Bc5+ 18. Kh1 Nd6 19. Re1 h5 20. Be3 Bb4
21. Rf1 h4 22. gxh4 Rxh4 23. Rg1 Bf5 24. Bf3 g6 25. c4 Ne4 26. Kg2 Bd6 27. Bxe4
Bxe4+ 28. Kg3 Rh5 29. c5 Be7 30. Rad1 f5 31. h3 g5 32. fxg5 e5 33. h4 c6 34.
Bf2 Bd5 35. Rde1 e4 36. Kf4 Rh8 37. g6 Kd7 38. g7 Rg8 39. Kxf5 Ke8 40. h5 Kf7
41. h6 Rd8 42. h7 Be6+ 43. Kf4 1-0

[Event "FRA-chT2 0910"]
[Site "France"]
[Date "2009.12.12"]
[Round "5.5"]
[White "Couderc, Christophe"]
[Black "Mandon, Fabrice"]
[Result "0-1"]
[WhiteElo "2091"]
[BlackElo "2241"]
[PlyCount "68"]
[EventDate "2009.09.27"]
[EventType "team"]
[EventRounds "11"]
[EventCountry "FRA"]
[SourceDate "2009.07.26"]

1. d4 Nf6 2. c4 c5 3. d5 e6 4. Nc3 exd5 5. cxd5 d6 6. e4 g6 7. f4 Bg7 8. Nf3
O-O 9. Be2 Bg4 10. O-O Re8 11. h3 Bxf3 12. Bxf3 Nbd7 13. Re1 a6 14. a4 c4 15.
Be3 Qa5 16. Qd2 Nc5 17. Bxc5 Qxc5+ 18. Qf2 Nd7 19. Qxc5 Nxc5 20. Red1 Nd3 21.
Rxd3 cxd3 22. Rd1 Rec8 23. Rxd3 Rc4 24. e5 Rxf4 25. exd6 f5 26. d7 Rd8 27. d6
Rxd7 28. Bxb7 Bd4+ 29. Kh2 Be5 30. g3 Rf2+ 31. Kg1 Rxb2 32. Bxa6 Bxc3 33. Rxc3
Rxd6 34. Rc1 Rxa6 0-1

[Event "FRA-chT2 0910"]
[Site "France"]
[Date "2009.12.12"]
[Round "5.6"]
[White "Vaugeois, Cyrille"]
[Black "Ricroque, Jean Pierre"]
[Result "0-1"]
[WhiteElo "2177"]
[BlackElo "2004"]
[PlyCount "74"]
[EventDate "2009.09.27"]
[EventType "team"]
[EventRounds "11"]
[EventCountry "FRA"]
[SourceDate "2009.07.26"]

1. e4 c5 2. Nf3 d6 3. d4 cxd4 4. Qxd4 e6 5. Nc3 Nc6 6. Bb5 Bd7 7. Bxc6 Bxc6 8.
Bg5 Qa5 9. O-O-O f6 10. Be3 b6 11. Nd2 b5 12. Nb3 Qd8 13. Qd3 a6 14. Rhe1 Be7
15. g4 b4 16. Qc4 Bd7 17. Qxb4 a5 18. Qb6 a4 19. Nd2 Qxb6 20. Bxb6 Nh6 21. h3
Nf7 22. f4 Ra6 23. Bf2 h5 24. Rh1 Bc6 25. a3 d5 26. exd5 exd5 27. Rhe1 Nd6 28.
Bc5 Kf7 29. Nf3 hxg4 30. hxg4 Rh3 31. Nd4 Bb7 32. f5 Nxf5 33. Nxf5 Bxc5 34.
Nxd5 g6 35. Nfe7 Rd6 36. c4 Rd7 37. Ng8 Bxd5 0-1

[Event "FRA-chT2 0910"]
[Site "France"]
[Date "2009.12.12"]
[Round "5.7"]
[White "Coussot, Jean Claude"]
[Black "Theon, Pierre"]
[Result "0-1"]
[WhiteElo "1784"]
[BlackElo "2107"]
[PlyCount "83"]
[EventDate "2009.09.27"]
[EventType "team"]
[EventRounds "11"]
[EventCountry "FRA"]
[SourceDate "2009.07.26"]

1. d4 g6 2. e4 Bg7 3. Nf3 d6 4. h3 Nd7 5. Bc4 e6 6. O-O Ne7 7. Bg5 h6 8. Bh4 a6
9. a4 b6 10. Nc3 Bb7 11. Re1 g5 12. Bg3 Ng6 13. e5 d5 14. Bd3 Qe7 15. Bxg6 fxg6
16. Qd3 Qf7 17. Re3 Qf5 18. Qd1 c5 19. Ne2 h5 20. h4 g4 21. Ng5 Bh6 22. Bf4 Rc8
23. g3 Bxg5 24. Bxg5 O-O 25. f4 gxf3 26. Nf4 cxd4 27. Rxf3 Nxe5 28. Rf1 Rxc2
29. Bh6 Rf7 30. Nxe6 Qxf1+ 31. Qxf1 Rxf1+ 32. Rxf1 d3 33. Bg7 Nf7 34. Rd1 Nd6
35. Rxd3 Kf7 36. Nd4 Rc1+ 37. Kf2 Kxg7 38. Rf3 Ne4+ 39. Ke2 Bc8 40. Rb3 Bg4+
41. Ke3 Nd6 42. Kf4 0-1

[Event "FRA-chT2 0910"]
[Site "France"]
[Date "2009.12.12"]
[Round "5.1"]
[White "Pozdnjakov, Viatcheslav"]
[Black "Roeder, Mathias"]
[Result "0-1"]
[WhiteElo "2220"]
[BlackElo "2387"]
[PlyCount "58"]
[EventDate "2009.09.27"]
[EventType "team"]
[EventRounds "11"]
[EventCountry "FRA"]
[SourceDate "2009.07.26"]

1. d4 Nf6 2. Nf3 e6 3. e3 b6 4. Bd3 Bb7 5. Nbd2 c5 6. O-O Nc6 7. a3 g6 8. b3
cxd4 9. exd4 Bg7 10. Nc4 Qc7 11. a4 Rd8 12. Ba3 d6 13. Qd2 O-O 14. Rae1 Rfe8
15. Qg5 Ne7 16. Qf4 Nh5 17. Bxd6 Nxf4 18. Bxc7 Nxd3 19. cxd3 Rd7 20. Nd6 Ra8
21. Nxb7 Rxc7 22. Nd6 Rd7 23. Ne4 Bxd4 24. Rc1 Bg7 25. Rfd1 h6 26. Kf1 Rad8 27.
Ke2 Nd5 28. Ne1 f5 29. Ng3 Nc3+ 0-1

[Event "FRA-chT2 0910"]
[Site "France"]
[Date "2009.12.12"]
[Round "5.2"]
[White "Maitesian, Sergei"]
[Black "Buchy, Daniel"]
[Result "1/2-1/2"]
[WhiteElo "2287"]
[BlackElo "2138"]
[PlyCount "75"]
[EventDate "2009.09.27"]
[EventType "team"]
[EventRounds "11"]
[EventCountry "FRA"]
[SourceDate "2009.07.26"]

1. e4 c5 2. Nf3 Nc6 3. d3 g6 4. g3 Bg7 5. Bg2 d6 6. O-O Nh6 7. Nbd2 O-O 8. Re1
e5 9. c3 Kh8 10. d4 exd4 11. cxd4 cxd4 12. Nb3 Bg4 13. Bxh6 Bxh6 14. Nbxd4 Nxd4
15. Qxd4+ Bg7 16. Qd3 Bxf3 17. Bxf3 Qb6 18. Rad1 Qxb2 19. Rb1 Qd4 20. Qxd4 Bxd4
21. Rxb7 Rab8 22. Reb1 Bb6 23. Rxb8 Rxb8 24. Kg2 Rc8 25. Rb2 Kg7 26. Rd2 Bc5
27. Bd1 Rb8 28. Bb3 Rb7 29. Bd5 Rb4 30. f3 a5 31. Rc2 f6 32. h4 h5 33. g4 hxg4
34. fxg4 a4 35. Kg3 Rb1 36. Bc6 a3 37. Bd5 Rb2 38. Bb3 1/2-1/2

[Event "FRA-chT2 0910"]
[Site "France"]
[Date "2009.12.12"]
[Round "5.3"]
[White "Pozdnjakov, Evgueniy"]
[Black "Therkildsen, Thomas"]
[Result "0-1"]
[WhiteElo "2234"]
[BlackElo "2311"]
[PlyCount "83"]
[EventDate "2009.09.27"]
[EventType "team"]
[EventRounds "11"]
[EventCountry "FRA"]
[SourceDate "2009.07.26"]

1. d4 Nf6 2. Nf3 b6 3. Nbd2 Bb7 4. e3 e6 5. Bd3 Be7 6. e4 c5 7. c3 Nc6 8. dxc5
bxc5 9. e5 Nd5 10. Nc4 Qc7 11. Be4 Na5 12. Nxa5 Qxa5 13. Qc2 h6 14. O-O Qc7 15.
Re1 O-O 16. Qe2 f5 17. Bc2 Qc6 18. Bd3 a5 19. Bb5 Qc8 20. Bd2 Qe8 21. Red1 Nc7
22. Bc4 Bc6 23. Ne1 Kh8 24. f4 Rb8 25. b3 g5 26. Qf2 Rg8 27. fxg5 hxg5 28. Be2
a4 29. Rab1 axb3 30. axb3 g4 31. c4 Qg6 32. Bf4 Rb6 33. Rd2 Ra8 34. Bd1 Rba6
35. Rbb2 Ra1 36. Ra2 R8xa2 37. Rxa2 Rxd1 38. Ra7 Ne8 39. Kf1 Bg5 40. Bxg5 Qxg5
41. Qxc5 Qf4+ 42. Qf2 0-1

[Event "FRA-chT2 0910"]
[Site "France"]
[Date "2009.12.12"]
[Round "5.4"]
[White "Flament, Frederic"]
[Black "Bouton, Christophe"]
[Result "1-0"]
[WhiteElo "2130"]
[BlackElo "2084"]
[PlyCount "79"]
[EventDate "2009.09.27"]
[EventType "team"]
[EventRounds "11"]
[EventCountry "FRA"]
[SourceDate "2009.07.26"]

1. d4 Nf6 2. Nf3 g6 3. c4 Bg7 4. Nc3 d5 5. Bf4 O-O 6. e3 c5 7. dxc5 Qa5 8. Rc1
Ne4 9. Be5 Bxe5 10. Nxe5 Nxc3 11. Rxc3 Na6 12. cxd5 Nxc5 13. Qd4 Nd7 14. Bc4
Nxe5 15. Qxe5 b5 16. Bb3 b4 17. Qc7 Qa6 18. Rc4 Qf6 19. Rf4 Qxb2 20. O-O Ba6
21. Qc1 Qe5 22. Qa1 Qd6 23. Re1 Bb5 24. Qd4 a5 25. Rh4 a4 26. Bd1 Rfc8 27. Qxb4
Qxd5 28. Bf3 Qd7 29. Rd1 Qe8 30. Bxa8 Rxa8 31. Re4 e6 32. Re5 Bc6 33. h4 h5 34.
Qd6 Rc8 35. Ra5 Bd5 36. a3 Rc4 37. Rb1 Rc8 38. Ra7 Ra8 39. Rxa8 Qxa8 40. Rb8+
1-0

[Event "FRA-chT2 0910"]
[Site "France"]
[Date "2009.12.12"]
[Round "5.5"]
[White "Rode, Anthony"]
[Black "Soyez, Cyril"]
[Result "0-1"]
[WhiteElo "2075"]
[BlackElo "2223"]
[PlyCount "68"]
[EventDate "2009.09.27"]
[EventType "team"]
[EventRounds "11"]
[EventCountry "FRA"]
[SourceDate "2009.07.26"]

1. d4 Nf6 2. Nf3 c5 3. d5 b5 4. Bg5 Qa5+ 5. c3 g6 6. Bxf6 exf6 7. e4 Bg7 8. a4
b4 9. Nbd2 bxc3 10. bxc3 Qxc3 11. Rc1 Qa5 12. Bb5 O-O 13. O-O d6 14. Nc4 Qc7
15. Ne3 Bd7 16. Nd4 Qb7 17. Rb1 cxd4 18. Bc6 Qc7 19. Bxa8 dxe3 20. Rb7 Qa5 21.
Qb1 e2 22. Re1 Bxa4 23. Rxe2 Nd7 24. Ra2 Nc5 25. Rb8 Rxb8 26. Qxb8+ Bf8 27. Qb1
Qb6 28. Qc1 Bh6 29. Qa1 Bb3 30. Rxa7 Nxe4 31. Rb7 Qxf2+ 32. Kh1 Qe3 33. Rd7
Nf2+ 34. Kg1 Nh3+ 0-1

[Event "FRA-chT2 0910"]
[Site "France"]
[Date "2009.12.12"]
[Round "5.7"]
[White "Barakoff, Catherine"]
[Black "L'Huillier, Helene"]
[Result "0-1"]
[WhiteElo "1813"]
[BlackElo "1937"]
[PlyCount "44"]
[EventDate "2009.09.27"]
[EventType "team"]
[EventRounds "11"]
[EventCountry "FRA"]
[SourceDate "2009.07.26"]

1. e4 e5 2. Nf3 Nc6 3. Bc4 Nf6 4. Ng5 d5 5. exd5 Na5 6. Bb5+ c6 7. dxc6 bxc6 8.
Be2 h6 9. Nf3 e4 10. Ne5 Bd6 11. Nc4 Nxc4 12. Bxc4 O-O 13. Nc3 Re8 14. Ne2 Ng4
15. Ng3 Bc5 16. O-O Qh4 17. h3 Ne5 18. Qe2 Qxg3 19. Kh1 Qh4 20. d3 Bxh3 21. g3
Bxf1+ 22. gxh4 Bxe2 0-1

[Event "FRA-chT2 0910"]
[Site "France"]
[Date "2009.12.12"]
[Round "5.8"]
[White "Donnat, Jean"]
[Black "Barakoff, Annie"]
[Result "1-0"]
[WhiteElo "1790"]
[BlackElo "1544"]
[PlyCount "63"]
[EventDate "2009.09.27"]
[EventType "team"]
[EventRounds "11"]
[EventCountry "FRA"]
[SourceDate "2009.07.26"]

1. c4 e5 2. Nc3 Nc6 3. Nf3 Nf6 4. g3 d6 5. Bg2 Be7 6. d4 exd4 7. Nxd4 Nxd4 8.
Qxd4 O-O 9. O-O c6 10. Bf4 Be6 11. Rad1 Ne8 12. Rd2 Qd7 13. Rfd1 Bf6 14. Qd3
Rd8 15. e4 Qc8 16. Qe2 b5 17. cxb5 cxb5 18. Nd5 a6 19. Nxf6+ Nxf6 20. Bxd6 Rfe8
21. e5 Bc4 22. Qe1 Qf5 23. b3 Ng4 24. bxc4 bxc4 25. Qe4 Qh5 26. h4 c3 27. Rd5
Nf6 28. exf6 Qxd1+ 29. Rxd1 Rxe4 30. Bxe4 gxf6 31. Bc2 Rc8 32. Bb4 1-0

[Event "FRA-chT2 0910"]
[Site "France"]
[Date "2009.12.12"]
[Round "5.2"]
[White "Dicko, Henri"]
[Black "Friess, Nicolas"]
[Result "0-1"]
[WhiteElo "2207"]
[BlackElo "2212"]
[PlyCount "50"]
[EventDate "2009.09.27"]
[EventType "team"]
[EventRounds "11"]
[EventCountry "FRA"]
[SourceDate "2009.07.26"]

1. e4 e6 2. d4 d5 3. Nc3 Bb4 4. e5 c5 5. Qg4 Ne7 6. a3 Qa5 7. Nge2 cxd4 8. axb4
Qxa1 9. Nb5 O-O 10. Nc7 Bd7 11. Nxa8 Nbc6 12. Nc7 Rc8 13. Qg5 Rxc7 14. b5 Qa5+
15. c3 dxc3 16. Nxc3 h6 17. Qh5 d4 18. bxc6 dxc3 19. b4 Qa1 20. Qd1 c2 21. Qxc2
Rxc6 22. Bc4 Qxe5+ 23. Be3 b5 24. Qd3 Rd6 25. Qb1 Qc3+ 0-1

[Event "FRA-chT2 0910"]
[Site "France"]
[Date "2009.12.12"]
[Round "5.4"]
[White "Silva, Francis"]
[Black "Broutin, Philippe"]
[Result "1-0"]
[WhiteElo "2037"]
[BlackElo "2065"]
[PlyCount "67"]
[EventDate "2009.09.27"]
[EventType "team"]
[EventRounds "11"]
[EventCountry "FRA"]
[SourceDate "2009.07.26"]

1. d4 f5 2. Bg5 h6 3. Bh4 g5 4. e3 Nf6 5. Bg3 d6 6. h4 Rg8 7. hxg5 hxg5 8. Bc4
e6 9. Nd2 Qe7 10. Qe2 Bd7 11. O-O-O Nc6 12. f3 O-O-O 13. Nb3 Qg7 14. Qe1 Be7
15. Na5 d5 16. Nxc6 Bxc6 17. Bb3 Bd6 18. Ne2 Rh8 19. Rxh8 Rxh8 20. c4 dxc4 21.
Bxc4 Nd5 22. e4 fxe4 23. fxe4 Ne3 24. Bxe6+ Kb8 25. Bxd6 cxd6 26. Rd3 Nxg2 27.
Qg3 Bxe4 28. Rc3 Qe7 29. d5 a6 30. Rc4 Rh4 31. Rc8+ Ka7 32. Qf2+ b6 33. Nd4
Bxd5 34. Bxd5 1-0

[Event "FRA-chT2 0910"]
[Site "France"]
[Date "2009.12.12"]
[Round "5.5"]
[White "Masztalir, Matthieu"]
[Black "Favre, Mathieu"]
[Result "0-1"]
[WhiteElo "2008"]
[BlackElo "2041"]
[PlyCount "100"]
[EventDate "2009.09.27"]
[EventType "team"]
[EventRounds "11"]
[EventCountry "FRA"]
[SourceDate "2009.07.26"]

1. e4 d6 2. d4 Nf6 3. Nc3 Nbd7 4. Bd3 e5 5. Nf3 Be7 6. O-O c6 7. a4 O-O 8. Qe2
Qc7 9. b4 a5 10. b5 c5 11. dxe5 dxe5 12. Bg5 Nb6 13. Nd2 Bg4 14. f3 Be6 15. Bc4
Qd7 16. Be3 Rad8 17. Rad1 Qc8 18. Bxe6 Qxe6 19. Kh1 Nc8 20. Qc4 Qb6 21. Nb3 Qc7
22. Qe2 b6 23. Bg5 Rxd1 24. Rxd1 Rd8 25. Bxf6 Bxf6 26. Nd5 Qd6 27. Qd3 Rf8 28.
Nxf6+ Qxf6 29. Qd7 g6 30. Rd5 Kg7 31. Nd2 Qg5 32. h3 Ne7 33. Rd6 Ng8 34. Rd3
Nf6 35. Qd6 Nh5 36. Rd5 Re8 37. Nf1 Nf4 38. Rd2 Re6 39. Qd8 Qh6 40. Nh2 Nh5 41.
Qd3 Ng3+ 42. Kg1 c4 43. Qc3 Qf4 44. Nf1 Rd6 45. Ne3 Rd4 46. Rf2 h5 47. Qe1 h4
48. Nd5 Qg5 49. Nxb6 Qe3 50. Qb1 Rd2 0-1

[Event "FRA-chT2 0910"]
[Site "France"]
[Date "2009.12.12"]
[Round "5.6"]
[White "Triger, Franck"]
[Black "Bourgeois, Florian"]
[Result "0-1"]
[WhiteElo "2107"]
[BlackElo "1779"]
[PlyCount "74"]
[EventDate "2009.09.27"]
[EventType "team"]
[EventRounds "11"]
[EventCountry "FRA"]
[SourceDate "2009.07.26"]

1. d4 Nf6 2. Bg5 d5 3. Bxf6 exf6 4. e3 Bf5 5. Nd2 Bd6 6. g3 c6 7. Bg2 Nd7 8.
Ne2 Nb6 9. a4 a5 10. O-O O-O 11. b3 Re8 12. Qc1 Re7 13. Re1 Qc7 14. c4 Bb4 15.
Nc3 Rae8 16. Qb2 Qd7 17. c5 Nc8 18. Na2 Bxd2 19. Qxd2 Qc7 20. Rec1 g5 21. Nc3
h5 22. Ne2 Kh7 23. Rc3 Rg8 24. Nc1 Qd7 25. Nd3 h4 26. Qd1 Kh6 27. Rb1 hxg3 28.
hxg3 Rh8 29. b4 axb4 30. Rxb4 Kg7 31. Rcb3 Bh3 32. Bf3 g4 33. Bg2 Bxg2 34. Kxg2
Qf5 35. Nf4 Qe4+ 36. f3 gxf3+ 37. Qxf3 Rh2+ 0-1

[Event "FRA-chT2 0910"]
[Site "France"]
[Date "2009.12.12"]
[Round "5.7"]
[White "Miller, Sophie"]
[Black "Lemoine, Thomas"]
[Result "1-0"]
[WhiteElo "1810"]
[BlackElo "2006"]
[PlyCount "72"]
[EventDate "2009.09.27"]
[EventType "team"]
[EventRounds "11"]
[EventCountry "FRA"]
[SourceDate "2009.07.26"]

1. d4 Nf6 2. Nf3 e6 3. e3 c5 4. Bd3 Nc6 5. a3 b6 6. b3 cxd4 7. exd4 Be7 8. Bb2
d5 9. Nbd2 O-O 10. O-O a5 11. Ne5 Qc7 12. f4 Ba6 13. c4 Rfd8 14. Rf3 dxc4 15.
Nxc6 cxd3 16. Nxd8 Rxd8 17. Rc1 Qb8 18. Nc4 Nd5 19. g3 Bb7 20. Rxd3 Ba8 21. Ne3
Nxe3 22. Rxe3 Qb7 23. Qe2 Qh1+ 24. Kf2 Qxh2+ 25. Ke1 Qh1+ 26. Kd2 Qd5 27. Qc4
Qg2+ 28. Qe2 Qd5 29. g4 Bd6 30. Qf2 Bb7 31. Rce1 Bc5 32. Re4 Qd6 33. Re5 Bxa3
34. Ke3 Qb4 35. Bxa3 Qxd4+ 36. Ke2 Qd3# 1-0